<?xml version="1.0" encoding="UTF-8"?>
<record
    xmlns:xsi="http://www.w3.org/2001/XMLSchema-instance"
    xsi:schemaLocation="http://www.loc.gov/MARC21/slim http://www.loc.gov/standards/marcxml/schema/MARC21slim.xsd"
    xmlns="http://www.loc.gov/MARC21/slim">

  <leader>01045nam a22002177a 4500</leader>
  <controlfield tag="005">20220204095439.0</controlfield>
  <controlfield tag="008">220204b           ||||| |||| 00| 0 eng d</controlfield>
  <datafield tag="020" ind1=" " ind2=" ">
    <subfield code="a">9788184000160</subfield>
  </datafield>
  <datafield tag="040" ind1=" " ind2=" ">
    <subfield code="c">AL</subfield>
  </datafield>
  <datafield tag="041" ind1=" " ind2=" ">
    <subfield code="a">eng</subfield>
  </datafield>
  <datafield tag="082" ind1=" " ind2=" ">
    <subfield code="2">23</subfield>
    <subfield code="a">820.5</subfield>
    <subfield code="b">MUKG</subfield>
  </datafield>
  <datafield tag="100" ind1=" " ind2=" ">
    <subfield code="a">Rudranghsu Mukherjee Ed</subfield>
    <subfield code="9">16550</subfield>
  </datafield>
  <datafield tag="245" ind1=" " ind2=" ">
    <subfield code="a">Great Speeches of Modern India</subfield>
  </datafield>
  <datafield tag="260" ind1=" " ind2=" ">
    <subfield code="a">New Delhi</subfield>
    <subfield code="b">Random House</subfield>
    <subfield code="c">2007</subfield>
  </datafield>
  <datafield tag="300" ind1=" " ind2=" ">
    <subfield code="a">x,451 p.</subfield>
    <subfield code="b">HB</subfield>
    <subfield code="c">24x16 cm</subfield>
  </datafield>
  <datafield tag="365" ind1=" " ind2=" ">
    <subfield code="b">395.00</subfield>
    <subfield code="c">&#x20B9;</subfield>
    <subfield code="d">395.00</subfield>
  </datafield>
  <datafield tag="520" ind1=" " ind2=" ">
    <subfield code="a">The great speeches of modern India tells the story of modern india through its speeches. Here are all the classics from tilak, gandhi, nehru, tagore, ambedkar, l.k. advani, manmohansingh, indira gandhi, and here are also some rare speeches &#x2014; satyajit ray on cinema, vikram sethon his school days and godse&#x2019;s defence of his assassination of gandhi. Stimulating, informative, andfull of rare gems, the great speeches of modern India is a must on every bookshelf.</subfield>
  </datafield>
  <datafield tag="650" ind1=" " ind2=" ">
    <subfield code="a">English Speeches</subfield>
    <subfield code="9">16549</subfield>
  </datafield>
  <datafield tag="700" ind1=" " ind2=" ">
    <subfield code="a">MUKHERJEE (Rudragshu)</subfield>
    <subfield code="9">16547</subfield>
  </datafield>
  <datafield tag="942" ind1=" " ind2=" ">
    <subfield code="2">ddc</subfield>
    <subfield code="c">GF</subfield>
  </datafield>
  <datafield tag="999" ind1=" " ind2=" ">
    <subfield code="c">221415</subfield>
    <subfield code="d">221415</subfield>
  </datafield>
  <datafield tag="952" ind1=" " ind2=" ">
    <subfield code="0">0</subfield>
    <subfield code="1">0</subfield>
    <subfield code="2">ddc</subfield>
    <subfield code="4">0</subfield>
    <subfield code="7">0</subfield>
    <subfield code="8">PS</subfield>
    <subfield code="a">AL</subfield>
    <subfield code="b">AL</subfield>
    <subfield code="d">2013-03-24</subfield>
    <subfield code="l">0</subfield>
    <subfield code="o">820.5 MUKG</subfield>
    <subfield code="p">GF02205</subfield>
    <subfield code="r">2022-02-04 00:00:00</subfield>
    <subfield code="w">2022-02-04</subfield>
    <subfield code="y">GF</subfield>
  </datafield>
</record>
